Movies by Emoji Quiz #3 - Disney Edition - Statistics

General Stats
  • This quiz has been taken 63 times
  • The average score is 13 of 20
Answer Stats
Emoji Movie % Correct
πŸŒ…πŸ¦πŸ‘‘ Lion King
98%
🦌 Bambi
89%
πŸ¦ŠπŸ°πŸš“πŸ™ Zootopia
87%
πŸ‘ΈπŸΎπŸ’‹πŸΈ Princess and the Frog
85%
🐘🀑πŸͺ½ Dumbo
81%
πŸ€πŸ Ratatouille
77%
πŸ”₯πŸ’§πŸŒŽπŸ’¨ Elemental
75%
πŸ§šβœ¨πŸ΄β€β˜ οΈ Peter Pan
75%
πŸ˜„πŸ˜’πŸ˜ πŸ˜±πŸ€’ Inside Out
68%
πŸ•β€πŸ•πŸ Lady and the Tramp
68%
πŸ‘§πŸ‡πŸ•³πŸˆβ™  Alice in Wonderland
64%
πŸ§±πŸ€–πŸͺ΄ Wall-E
64%
πŸ•ΉοΈπŸ‘ΎπŸ§± Wreck-It Ralph
62%
πŸ‡¨πŸ‡³βš”πŸ‘§ Mulan
58%
πŸˆπŸˆβ€β¬›πŸŽ€πŸŽΉπŸŽΊ The Aristocats
57%
πŸ—‘οΈπŸͺ¨πŸ‘¦ The Sword in the Stone
43%
βš”οΈπŸ‰πŸ‘§πŸ½ Raya and the Last Dragon
40%
πŸ‘ΉπŸŸ’πŸ‘ΉπŸ”΅πŸ‘§ Monsters, Inc.
30%
πŸŒ πŸπŸ‘‘ Wish
23%
πŸ§‘πŸ‘½ Elio
19%
No matching quizzes found
Score Distribution
Percent of People with Each Score
Percentile by Number Answered
Your Score History
You have not taken this quiz